[Event "Polanica Zdroj op-D 48th"]
[Site "Polanica Zdroj"]
[Date "2012.08.21"]
[Round "4"]
[White "Semik, Tomasz"]
[Black "Wisniewski, Michal"]
[Result "0-1"]
[WhiteElo "1873"]
[BlackElo "1863"]
[PlyCount "88"]
[EventDate "2012.08.18"]
[EventType "swiss"]
[EventRounds "9"]
[EventCountry "POL"]
[SourceTitle "EXT 2014"]
[Source "ChessBase"]
[SourceDate "2013.11.20"]
[SourceVersion "1"]
[SourceVersionDate "2013.11.20"]
[SourceQuality "1"]

1. g3 d5 2. Bg2 e5 3. c4 Nf6 4. cxd5 Nxd5 5. Nc3 Nb6 6. Nf3 Nc6 7. a3 Be7 8. b4 a6 9. d3 g5 10. h4 g4 11. Nd2 Be6 12. Bb2 f5 13. Nb3 Qd7 14. Na5 Nxa5 15. bxa5 Nd5 16. e4 Nxc3 17. Bxc3 0-0-0 18. Bxe5 Rhe8 19. exf5 Bd5 20. Be4 Bc5 21. 0-0 Bxe4 22. dxe4 Qxd1 23. Rfxd1 Rxd1+ 24. Rxd1 Rxe5 25. Re1 Bxa3 26. Kg2 Rb5 27. Re3 Bc5 28. Re2 Rb3 29. e5 Rf3 30. f6 Kd7 31. e6+ Ke8 32. Re4 Rxf2+ 33. Kh1 Rxf6 34. Rxg4 Rxe6 35. Rg7 Re7 36. Rg8+ Kd7 37. Kg2 b5 38. Ra8 Re6 39. Kf3 b4 40. g4 b3 41. Rb8 Bb6 42. axb6 cxb6 43. Rb7+ Kc6 44. Rxh7 b2 0-1

[Event "Polanica Zdroj op-D 48th"]
[Site "Polanica Zdroj"]
[Date "2012.08.19"]
[Round "2"]
[White "Semik, Tomasz"]
[Black "Karleszko, Karolina"]
[Result "1-0"]
[WhiteElo "1873"]
[BlackElo "1600"]
[PlyCount "71"]
[EventDate "2012.08.18"]
[EventType "swiss"]
[EventRounds "9"]
[EventCountry "POL"]
[SourceTitle "EXT 2014"]
[Source "ChessBase"]
[SourceDate "2013.11.20"]
[SourceVersion "1"]
[SourceVersionDate "2013.11.20"]
[SourceQuality "1"]

1. c4 c5 2. g3 Nf6 3. Bg2 d5 4. cxd5 Nxd5 5. Nc3 e6 6. Qb3 Nb6 7. Nf3 Nc6 8. 0-0 Be7 9. a4 e5 10. d3 Be6 11. Qd1 0-0 12. Be3 Qc7 13. Nb5 Qc8 14. Rc1 Nd7 15. Ng5 Bf5 16. Ne4 Bxe4 17. Bxe4 Rd8 18. Bf5 b6 19. f4 g6 20. Bh3 f5 21. Qb3+ Kg7 22. Bg2 a6 23. Na3 Rb8 24. Qe6 e4 25. dxe4 Nf6 26. exf5 Qxe6 27. fxe6 Nb4 28. Nc4 Ng4 29. Bf2 Kf6 30. Bf3 Nxf2 31. Kxf2 Kxe6 32. Rfd1 b5 33. axb5 axb5 34. Ne5 c4 35. Bg4+ Kf6 36. Nd7+ 1-0

[Event "Zabrze Mayor's Cup 34th"]
[Site "Zabrze"]
[Date "2011.09.25"]
[Round "5"]
[White "Klementys, Jerzy"]
[Black "Semik, Tomasz"]
[Result "1/2-1/2"]
[WhiteElo "1825"]
[BlackElo "1878"]
[PlyCount "60"]
[EventDate "2011.09.23"]
[EventType "swiss"]
[EventRounds "10"]
[EventCountry "POL"]
[SourceTitle "CBM 144 Extra"]
[Source "ChessBase"]
[SourceDate "2011.10.28"]
[SourceVersion "1"]
[SourceVersionDate "2011.10.28"]
[SourceQuality "1"]

1. d4 Nf6 2. c4 g6 3. Nc3 Bg7 4. e4 d6 5. Nf3 0-0 6. g3 Nc6 7. Bg2 e5 8. d5 Ne7 9. 0-0 Bd7 10. Bd2 c6 11. Ne1 Ne8 12. Nd3 c5 13. Qc1 Nc7 14. Bh6 b5 15. b3 Rb8 16. Bxg7 Kxg7 17. f4 f6 18. cxb5 Nxb5 19. Nxb5 Bxb5 20. Rf3 Qb6 21. Kh1 Bd7 22. Nb2 Rbe8 23. Nc4 Qc7 24. fxe5 fxe5 25. Qd2 Rxf3 26. Bxf3 Rf8 27. Rf1 Bb5 28. Be2 Rxf1+ 29. Bxf1 Bxc4 30. Bxc4 Ng8 1/2-1/2

[Event "Zabrze Mayor's Cup 34th"]
[Site "Zabrze"]
[Date "2011.09.24"]
[Round "2"]
[White "Semik, Tomasz"]
[Black "Kielar, Maciej"]
[Result "0-1"]
[WhiteElo "1878"]
[BlackElo "2098"]
[PlyCount "84"]
[EventDate "2011.09.23"]
[EventType "swiss"]
[EventRounds "10"]
[EventCountry "POL"]
[SourceTitle "CBM 144 Extra"]
[Source "ChessBase"]
[SourceDate "2011.10.28"]
[SourceVersion "1"]
[SourceVersionDate "2011.10.28"]
[SourceQuality "1"]

1. c4 g6 2. Nc3 Bg7 3. Nf3 d6 4. g3 e5 5. Bg2 f5 6. d3 Nf6 7. 0-0 Nc6 8. Rb1 a5 9. a3 0-0 10. b4 axb4 11. axb4 h6 12. Bd2 g5 13. c5 Be6 14. Qc1 f4 15. Ne1 d5 16. Nc2 Qd7 17. b5 Nd4 18. Nxd4 exd4 19. Nd1 Nh5 20. c6 bxc6 21. Qxc6 Qxc6 22. bxc6 Ra2 23. Rb2 Rfa8 24. gxf4 Rxb2 25. Nxb2 Ra2 26. Rb1 Nxf4 27. Bxf4 gxf4 28. Bf3 Bf8 29. Nd1 Rc2 30. e4 dxe3 31. fxe3 fxe3 32. Nxe3 Bc5 33. Re1 Rc1 34. Bd1 Bxe3+ 35. Rxe3 Rxd1+ 36. Kf2 Kf7 37. Rf3+ Ke7 38. Ke3 Rh1 39. Rf2 Kd6 40. Kd4 h5 41. Re2 h4 42. Ke3 h3 0-1

[Event "Chorzow op"]
[Site "Chorzow"]
[Date "2010.03.26"]
[Round "7"]
[White "Semik, Tomasz"]
[Black "Richter, Bronislaw"]
[Result "1-0"]
[WhiteElo "1968"]
[BlackElo "1834"]
[PlyCount "69"]
[EventDate "2010.03.20"]
[EventType "swiss"]
[EventRounds "9"]
[EventCountry "POL"]
[SourceTitle "EXT 2012"]
[Source "ChessBase"]
[SourceDate "2011.11.24"]
[SourceVersion "1"]
[SourceVersionDate "2011.11.24"]
[SourceQuality "1"]

1. Nf3 b5 2. g3 Bb7 3. Bg2 c5 4. c3 Nc6 5. d4 cxd4 6. Nxd4 a6 7. 0-0 e5 8. Nf5 Qc7 9. e4 g6 10. Ne3 Nf6 11. Re1 Bg7 12. b3 d6 13. Nd2 0-0 14. Bb2 Ne7 15. Rc1 Rac8 16. c4 Qb6 17. Qe2 Nd7 18. Bf1 Bc6 19. Nd5 Qd8 20. Qe3 f5 21. f3 Nc5 22. Ba3 f4 23. Qe2 Ne6 24. Bh3 Nd4 25. Qd3 Bxd5 26. cxd5 Rxc1 27. Rxc1 Qb6 28. Kg2 fxg3 29. hxg3 Bh6 30. Rf1 Qa5 31. Bxd6 Rc8 32. Bxc8 Nxc8 33. Bxe5 Bxd2 34. Qxd4 Bh6 35. Rf2 1-0

[Event "Chorzow op"]
[Site "Chorzow"]
[Date "2010.03.24"]
[Round "5"]
[White "Faron, Rafal"]
[Black "Semik, Tomasz"]
[Result "0-1"]
[WhiteElo "1721"]
[BlackElo "1968"]
[PlyCount "128"]
[EventDate "2010.03.20"]
[EventType "swiss"]
[EventRounds "9"]
[EventCountry "POL"]
[SourceTitle "EXT 2012"]
[Source "ChessBase"]
[SourceDate "2011.11.24"]
[SourceVersion "1"]
[SourceVersionDate "2011.11.24"]
[SourceQuality "1"]

1. d4 d5 2. c4 c6 3. Nc3 e6 4. Bf4 f5 5. g3 Nf6 6. Bg2 Be7 7. Nf3 0-0 8. c5 Nbd7 9. 0-0 Nh5 10. Be5 g5 11. b4 g4 12. Ne1 Nxe5 13. dxe5 b6 14. Nd3 Ba6 15. Rc1 Bc4 16. Nb2 b5 17. Nxc4 bxc4 18. e3 Qc7 19. Qd4 Rfb8 20. Rb1 Bf8 21. h3 gxh3 22. Bxh3 Rb7 23. Kh1 Bg7 24. Qh4 Bxe5 25. Ne2 Qf7 26. g4 Ng7 27. f4 Bf6 28. g5 Be7 29. Nd4 Rc8 30. Rg1 Qg6 31. Nf3 Qh5 32. Qg3 Qe8 33. Ne5 Rcb8 34. g6 hxg6 35. Nxg6 Bf6 36. a3 a5 37. Qe1 Kh7 38. Qd2 axb4 39. axb4 Nh5 40. Qh2 Kh6 41. Rg2 Rg7 42. Ne5 Rbb7 43. Rbg1 Rxg2 44. Rxg2 Rg7 45. Rxg7 Bxg7 46. Qg1 Nf6 47. Qg5+ Kh7 48. Bf1 Ne4 49. Qh4+ Kg8 50. Be2 Bxe5 51. fxe5 Qg6 52. Qd8+ Kg7 53. Qe7+ Kh8 54. Qh4+ Qh7 55. Qxh7+ Kxh7 56. Kg2 Kg6 57. Kf3 Nc3 58. Bd1 Kg5 59. Bc2 Kg6 60. Kf2 Kf7 61. Ke1 Ke7 62. Kf2 Kd7 63. Kf3 Na2 64. b5 cxb5 0-1

[Event "Chorzow op"]
[Site "Chorzow"]
[Date "2010.03.23"]
[Round "4"]
[White "Semik, Tomasz"]
[Black "Koziak, Vitali"]
[Result "0-1"]
[WhiteElo "1968"]
[BlackElo "2478"]
[PlyCount "130"]
[EventDate "2010.03.20"]
[EventType "swiss"]
[EventRounds "9"]
[EventCountry "POL"]
[SourceTitle "EXT 2012"]
[Source "ChessBase"]
[SourceDate "2011.11.24"]
[SourceVersion "1"]
[SourceVersionDate "2011.11.24"]
[SourceQuality "1"]

1. Nf3 d5 2. c4 e6 3. b3 Nf6 4. g3 a5 5. a4 Be7 6. Bb2 0-0 7. Bg2 Na6 8. 0-0 b6 9. Nc3 Nb4 10. Na2 Bb7 11. Nxb4 axb4 12. d3 Nd7 13. Nd2 Bf6 14. Qc2 Qe7 15. Rac1 c5 16. Rfe1 Ra7 17. e3 Rd8 18. Rcd1 h6 19. h3 Ba8 20. Re2 Rc7 21. Qb1 Bc3 22. Qc2 d4 23. e4 Nb8 24. Bc1 Nc6 25. Nf1 Na5 26. Qb1 e5 27. Nh2 Bc6 28. Rf1 Ra7 29. Ra2 Rda8 30. f4 Nxb3 31. Qxb3 Rxa4 32. Rff2 Qa7 33. Rxa4 Qxa4 34. Qxa4 Rxa4 35. Nf3 exf4 36. gxf4 b3 37. Ne5 Ra1 38. Rf1 Ba4 39. Bf3 Bd2 40. Bb2 Ra2 41. Rb1 Bxf4 42. Ng4 Rxb2 43. Rxb2 Bc1 44. Rb1 b2 45. Be2 Bc2 46. Rxb2 Bxb2 47. Ne5 Bc3 48. Kf2 g6 49. Bf1 Ba4 50. Ke2 Kg7 51. h4 f6 52. Nf3 b5 53. cxb5 Bxb5 54. Kd1 Kf7 55. Kc2 h5 56. Kd1 Ba5 57. Ke2 Bd7 58. Kf2 Bg4 59. Nh2 Bd1 60. Bh3 Bc2 61. Bf1 c4 62. dxc4 d3 63. Nf3 d2 64. Nxd2 Bxd2 65. Kf3 Be1 0-1